Statistics for Still - Noah Kahan (All Lyrics)

Click here to take the quiz!

General Stats

  • This quiz has been taken 7 times
  • The average score is 264 of 371

Answer Stats

Lyrics% Correct
I
100%
but
83%
But
83%
I'm
83%
in
83%
know
83%
love
83%
still
83%
The
83%
the
83%
to
83%
want
83%
when
83%
with
83%
You
83%
you
83%
a
67%
and
67%
And
67%
back
67%
Can
67%
can't
67%
don't,
67%
don't
67%
Don't
67%
down
67%
feels
67%
goodbye
67%
here,
67%
here
67%
If
67%
is
67%
It
67%
it
67%
it's
67%
It's
67%
I've
67%
like
67%
Like
67%
miss
67%
my
67%
no
67%
of
67%
oh
67%
Oh
67%
one
67%
only
67%
or
67%
place
67%
say
67%
something
67%
stay
67%
that
67%
then
67%
too
67%
up
67%
was
67%
you're
67%
alive
50%
at
50%
bed
50%
bottomless
50%
box
50%
broken?
50%
burn
50%
callous
50%
coast
50%
coming
50%
country
50%
deny
50%
face
50%
falling
50%
falls
50%
find
50%
fire
50%
fix
50%
found
50%
God,
50%
God
50%
Grab
50%
hard
50%
hole
50%
hoping
50%
inside
50%
into
50%
lasts
50%
let
50%
light
50%
Look
50%
lose
50%
morning
50%
mother
50%
move
50%
myself
50%
open
50%
out
50%
past
50%
patient
50%
photos,
50%
pieces
50%
quiet
50%
reasons
50%
rip
50%
room
50%
Sayin'
50%
sky
50%
Stare
50%
starless
50%
surgery
50%
'til
50%
trace
50%
ugly
50%
used
50%
watch
50%
what
50%
whether
50%
while
50%
whole
50%
wondering
50%
yourself,
50%

Score Distribution

Percentile by Number Answered

Percent of People with Each Score

Your Score History

You have not taken this quiz